| 000 | 00348nam a22001577a 4500 | ||
|---|---|---|---|
| 003 | SGT | ||
| 020 | _a978-1-4051-9061 | ||
| 082 | _a617.525,T11A | ||
| 100 | _aANDREASEN.J.O | ||
| 245 | _aTRAUMATIC DENTAL INJURIES: A MANUAL | ||
| 250 | _a3RD | ||
| 260 |
_aU.K _bWILEY-BLACKWELL _c2011 |
||
| 300 | _a100 | ||
| 650 | _aORAL SURGERY | ||
| 942 |
_2ddc _cBK |
||
| 999 |
_c9889 _d9889 |
||